000 00372nam a2200145Ia 4500
008 230917s9999||||xx |||||||||||||| ||und||
040 _e137826
_aMAIN
041 _aEnglish
082 _a658.5 G959P
100 _aGupta, S.L.
245 0 _aProduct management (text, cases and practical assignment)
260 _aDelhi
_bWisdom
_c2004
300 _a317p p.
942 _cBK
999 _c147686
_d147686